000 00596nam a2200169Ia 4500
008 110201s9999 xx 000 0 und d
082 _bB9950
_aS 1951
100 _aमराठे रमा
245 _aमनगंगेच्या काठावरती
260 _bमेहता पब्लिशिंग हाऊस
365 _b120
600 _aमराठे रमा
630 _aमनगंगेच्या काठावरती
700 _aमराठे रमा
730 _aमनगंगेच्या काठावरती
942 _cBOOK
999 _c835365
_d835362